<?xml version="1.0" encoding="UTF-8"?>
<collection xmlns="http://www.loc.gov/MARC21/slim">
<record>
  <controlfield tag="001">63071</controlfield>
  <controlfield tag="005">20210520140758.0</controlfield>
  <datafield tag="037" ind1=" " ind2=" ">
    <subfield code="a">TESIS-2017-090</subfield>
  </datafield>
  <datafield tag="041" ind1=" " ind2=" ">
    <subfield code="a">spa</subfield>
  </datafield>
  <datafield tag="080" ind1=" " ind2=" ">
    <subfield code="a">618</subfield>
  </datafield>
  <datafield tag="100" ind1="1" ind2=" ">
    <subfield code="a">González Ballano, Isabel</subfield>
  </datafield>
  <datafield tag="245" ind1="0" ind2="0">
    <subfield code="a">Aumento ponderal materno en la gestación y su influencia en los resultados perinatales</subfield>
  </datafield>
  <datafield tag="260" ind1=" " ind2=" ">
    <subfield code="a">Zaragoza</subfield>
    <subfield code="b">Universidad de Zaragoza, Prensas de la Universidad</subfield>
    <subfield code="c">2017</subfield>
  </datafield>
  <datafield tag="300" ind1=" " ind2=" ">
    <subfield code="a">217</subfield>
  </datafield>
  <datafield tag="490" ind1="0" ind2=" ">
    <subfield code="a">Tesis de la Universidad de Zaragoza</subfield>
    <subfield code="x">2254-7606</subfield>
    <subfield code="v">2017-090</subfield>
  </datafield>
  <datafield tag="500" ind1=" " ind2=" ">
    <subfield code="a">Presentado:  15 09 2017</subfield>
  </datafield>
  <datafield tag="502" ind1=" " ind2=" ">
    <subfield code="a">Tesis-Univ. Zaragoza, Cirugía, Ginecología y Obstetricia, 2017</subfield>
    <subfield code="b">Zaragoza, Universidad de Zaragoza</subfield>
    <subfield code="c">2017</subfield>
  </datafield>
  <datafield tag="506" ind1=" " ind2=" ">
    <subfield code="a">by-nc-nd</subfield>
    <subfield code="b">Creative Commons</subfield>
    <subfield code="c">3.0</subfield>
    <subfield code="u">https://creativecommons.org/licenses/by-nc-nd/3.0/</subfield>
  </datafield>
  <datafield tag="520" ind1=" " ind2=" ">
    <subfield code="a">El aumento ponderal en la gestante ha sido y sigue siendo un tema importante y que preocupa tanto a la mujer como al obstetra a lo largo del embarazo.&lt;br />Las recomendaciones acerca del aumento ponderal en la mujer embarazada se han ido modificando desde comienzos del siglo XX, cambiando a lo largo de los años. Así, inicialmente se daban recomendaciones absolutas de aumento de peso durante la gestación, sin tener en cuenta las características de la mujer. &lt;br />A partir de 1990, se comenzaron a dar recomendaciones individualizadas en dependencia del índice de masa corporal pregestacional de la mujer, teniendo en cuenta los cambios en los hábitos de consumo y alimentación, así como la epidemia de obesidad cada vez más preocupante, lo cual también influye en las recomendaciones que debemos dar a las mujeres embarazadas.&lt;br />Se planteó realizar en estudio con objetivo principal analizar la influencia en los resultados maternos y perinatales del aumento ponderal en la gestante de acuerdo a las recomendaciones del Instituto de Medicina de Estados Unidos de 2009.&lt;br />Como objetivos secundarios se plantearon:&lt;br />o	Determinar la prevalencia de gestantes con aumento ponderal excesivo o inadecuado según las recomendaciones del IOM de 2009&lt;br />o	Analizar las características epidemiológicas de las gestantes a estudio&lt;br />o	Establecer la distribución de la ganancia ponderal gestacional absoluta y trimestral entre las categorías de IMC pregestacional&lt;br />o	Objetivar la relación entre el IMC pregestacional y los resultados maternos y perinatales&lt;br />o	Estudiar la relación entre el aumento ponderal trimestral y total y los resultados maternos y perinatales&lt;br />Se realizó un estudio observacional, descriptivo, analítico y retrospectivo. Se seleccionó una cohorte de 427 gestantes cuyo parto actual fue asistido en el Hospital Universitario Miguel Servet de Zaragoza, desde diciembre 2014 hasta febrero 2015, ambos inclusive.&lt;br />El presente análisis incluye a todas las mujeres con una gestación única de al menos 37 semanas y un correcto control gestacional con recogida en cartilla de embarazo del aumento ponderal. Para efectuar esta investigación se excluyeron las gestaciones múltiples, la presentación no cefálica y los partos pretérmino. &lt;br />Se realizó una revisión retrospectiva de las historias clínicas de todas las gestantes incluidas en el estudio, recogiendo información demográfica, de la historia clínica y obstétrica, y datos del periodo intraparto, con la finalidad de descubrir factores de riesgo obstétrico, así como estudiar la finalización del embarazo y las posibles complicaciones postparto. &lt;br />También se analizaron los resultados neonatales, incluyendo el peso al nacimiento, la puntuación en el test de Apgar en el primer y quinto minuto, el pH arterial de cordón umbilical y la necesidad de reanimación, así como de ingreso en UCI neonatal.&lt;br />En todas las gestantes se obtuvo la talla y el peso en la primera visita de embarazo. Esos datos fueron usados para el cálculo del índice de masa corporal (IMC), calculado como peso (kg) / altura (m)2. &lt;br />Según el IMC se clasificaron en cuatro grupos: peso inferior al normal (&lt; 18,5 kg/m2), peso normal (18,5 – 24,9 kg/m2), sobrepeso (25 – 29,9 kg/m2) y obesidad (> 30 kg/m2).&lt;br />El aumento ponderal durante la gestación se obtuvo de la diferencia entre el peso al final de la gestación y el peso al inicio de la misma. Así, se clasificó a las gestantes en tres grupos según su IMC al inicio del embarazo y el aumento ponderal de acuerdo a las recomendaciones del Instituto de Medicina de Estados Unidos (IOM): ganancia ponderal menor, acorde o mayor a las recomendaciones del IOM. &lt;br />Tras el análisis estadístico y de resultados se obtuvieron las siguientes conclusiones relevantes:&lt;br />1.	La prevalencia de sobrepeso en la muestra de este trabajo es un 24,82% y de obesidad un 9,60% de las gestantes durante su embarazo. Del total de gestantes, un 63,23% no se ajustaron a las recomendaciones de aumento ponderal del Instituto de Medicina de Estados Unidos. &lt;br />2.	El 54% de las mujeres con bajo índice de masa corporal pregestacional tuvieron una ganancia ponderal inferior a las recomendaciones del Instituto de Medicina de Estados Unidos. Sin embargo, el 46,23% de las embarazadas con sobrepeso y el 43,90% de las obesas ganaron peso por encima de lo recomendado.&lt;br />3.	La evolución de la ganancia ponderal gestacional y de sus gradientes trimestrales fue ascendente. Se produjo un mayor incremento de peso promedio del primer al segundo trimestre (4,23 kg) que del segundo al tercero (1 kg) de forma global y en todas las categorías de índice de masa corporal pregestacional. Con esto, el patrón de ganancia de peso de la muestra de este trabajo describe una curva sigmoidea.&lt;br />4.	Se observó que conforme aumenta el índice de masa corporal disminuye la ganancia ponderal gestacional, tanto global como por trimestres.&lt;br />5.	Tras el análisis multivariante, únicamente se objetivó una asociación significativa (p=0,005) entre el incremento ponderal gestacional por encima de lo recomendado por el Instituto de Medicina de Estados Unidos y el riesgo de finalizar el parto por cesárea (OR 3,20; IC 95%: 1,41-7,25).&lt;br />6.	En cuanto a los parámetros neonatales no se encontró asociación significativa al comparar los grupos de incremento ponderal según el Instituto de Medicina de Estados Unidos.&lt;br />7.	Respecto al incremento de peso trimestral y la ganancia ponderal gestacional global se asocia a una reducción del riesgo de diabetes gestacional, siendo significativa esta asociación únicamente en el tercer trimestre (OR 0,32; IC 95%: 0,18-0,58) y en el aumento de peso total (OR 0,35; IC 95%: 0,21-0,59).&lt;br />8.	El incremento de peso en el segundo trimestre parece reducir el riesgo de feto pequeño para la edad gestacional en un 40% de forma significativa (OR 0,60; IC 95%: 0,37-0,98).&lt;br />9.	El incremento de peso en el tercer trimestre se asoció con el doble de riesgo de desarrollar enfermedad hipertensiva del embarazo (OR 2,00; IC 95%: 1,01-3,97).&lt;br />10.	Con un área bajo la curva de 0,832, el modelo que incluye las variables de índice de masa corporal pregestacional y trimestral, junto con el aumento ponderal trimestral y global, tiene una elevada capacidad predictiva para el riesgo de preeclampsia, que se incrementa al doble a mayor índice de masa corporal pregestacional (OR 2,34; IC 95%: 1,34-4,11). También a mayor índice de masa corporal pregestacional se encontró un incremento de casi dos veces del riesgo de diabetes gestacional (OR 1,64; IC 95%: 1,15-2,33) con un área bajo la curva de 0,719.&lt;br /></subfield>
  </datafield>
  <datafield tag="520" ind1=" " ind2=" ">
    <subfield code="a">&lt;br /></subfield>
  </datafield>
  <datafield tag="521" ind1=" " ind2=" ">
    <subfield code="9">7085</subfield>
    <subfield code="a">Programa de Doctorado en Medicina</subfield>
  </datafield>
  <datafield tag="653" ind1="1" ind2=" ">
    <subfield code="a">ginecología</subfield>
  </datafield>
  <datafield tag="653" ind1="1" ind2=" ">
    <subfield code="a">ciencias médicas</subfield>
  </datafield>
  <datafield tag="700" ind1=" " ind2=" ">
    <subfield code="a">Castán Mateo, Sergio</subfield>
    <subfield code="e">dir.</subfield>
  </datafield>
  <datafield tag="700" ind1=" " ind2=" ">
    <subfield code="a">Savirón Cornudella, Ricardo Mariano</subfield>
    <subfield code="e">dir.</subfield>
  </datafield>
  <datafield tag="710" ind1="2" ind2=" ">
    <subfield code="a">Universidad de Zaragoza</subfield>
    <subfield code="b">Cirugía, Ginecología y Obstetricia</subfield>
  </datafield>
  <datafield tag="830" ind1=" " ind2=" ">
    <subfield code="9">497</subfield>
  </datafield>
  <datafield tag="856" ind1="0" ind2=" ">
    <subfield code="f">chperez@unizar.es</subfield>
  </datafield>
  <datafield tag="856" ind1="4" ind2=" ">
    <subfield code="u">http://zaguan.unizar.es/record/63071/files/TESIS-2017-090.pdf</subfield>
    <subfield code="z">Texto completo (spa)</subfield>
    <subfield code="s">7887479</subfield>
  </datafield>
  <datafield tag="909" ind1="C" ind2="O">
    <subfield code="o">oai:zaguan.unizar.es:63071</subfield>
    <subfield code="p">driver</subfield>
    <subfield code="p">tesis</subfield>
  </datafield>
  <datafield tag="910" ind1="2" ind2=" ">
    <subfield code="a">Obstetricia y ginecología</subfield>
    <subfield code="b">Cirugía, Ginecología y Obstetricia</subfield>
  </datafield>
  <datafield tag="980" ind1=" " ind2=" ">
    <subfield code="a">TESIS</subfield>
  </datafield>
</record>
</collection>